[Event "Espalion op 3rd"]
[Site "Espalion"]
[Date "2018.07.19"]
[Round "7"]
[White "Mourgues, Joelle"]
[Black "Rinie, Jean Jacques"]
[Result "1-0"]
[WhiteElo "1580"]
[BlackElo "1654"]
[PlyCount "37"]
[EventDate "2018.07.14"]
[EventType "swiss"]
[EventRounds "9"]
[EventCountry "FRA"]
[SourceTitle "CBM 185 Extra"]
[Source "ChessBase"]
[SourceDate "2018.07.29"]
[SourceVersion "1"]
[SourceVersionDate "2018.07.29"]
[SourceQuality "1"]

1. d4 d5 2. Nf3 c6 3. Bf4 Nf6 4. h3 e6 5. e3 Nbd7 6. Bd3 Be7 7. Nbd2 c5 8. c3 Qa5 9. 0-0 cxd4 10. b4 Qd8 11. exd4 a6 12. a4 b6 13. Ne5 Bb7 14. b5 a5 15. Nc6 Qc8 16. Nxe7 Kxe7 17. Rc1 Re8 18. Qb3 Qd8 19. Qa3+ 1-0

[Event "Espalion op 3rd"]
[Site "Espalion"]
[Date "2018.07.16"]
[Round "4"]
[White "Rinie, Jean Jacques"]
[Black "Lagunes, Jean Renaud"]
[Result "0-1"]
[WhiteElo "1654"]
[BlackElo "1943"]
[PlyCount "66"]
[EventDate "2018.07.14"]
[EventType "swiss"]
[EventRounds "9"]
[EventCountry "FRA"]
[SourceTitle "CBM 185 Extra"]
[Source "ChessBase"]
[SourceDate "2018.07.29"]
[SourceVersion "1"]
[SourceVersionDate "2018.07.29"]
[SourceQuality "1"]

1. e4 d5 2. exd5 Qxd5 3. Nc3 Qa5 4. d4 Nf6 5. Nf3 Bg4 6. Be2 Nc6 7. 0-0 0-0-0 8. Be3 e5 9. a3 exd4 10. b4 Qh5 11. Nxd4 Nxd4 12. Bxd4 c5 13. Bxg4+ Nxg4 14. h3 Rxd4 15. hxg4 Rxd1 16. gxh5 Rxf1+ 17. Kxf1 cxb4 18. axb4 Bxb4 19. Rxa7 Kb8 20. Nb5 Re8 21. c3 Bxc3 22. Rxb7+ Kxb7 23. Nd6+ Kc6 24. Nxe8 h6 25. Nxg7 Bxg7 26. g4 Kd5 27. Ke2 Ke4 28. f3+ Kf4 29. Kf2 Bf6 30. Kg2 Bd4 31. Kh3 Kxf3 32. Kh4 Bf2+ 33. Kh3 Bg3 0-1

[Event "Saint Affrique op 19th"]
[Site "Saint Affrique"]
[Date "2011.07.23"]
[Round "1"]
[White "Kukov, Velislav"]
[Black "Rinie, Jean Jacques"]
[Result "1-0"]
[WhiteElo "2377"]
[BlackElo "1760"]
[PlyCount "47"]
[EventDate "2011.07.23"]
[EventType "swiss"]
[EventRounds "9"]
[EventCountry "FRA"]
[SourceTitle "CBM 143 Extra"]
[Source "ChessBase"]
[SourceDate "2011.08.29"]
[SourceVersion "1"]
[SourceVersionDate "2011.08.29"]
[SourceQuality "1"]

1. d4 d5 2. Nf3 c6 3. e3 Nf6 4. c4 e6 5. Nc3 Nbd7 6. Bd3 Bd6 7. 0-0 0-0 8. Qe2 e5 9. cxd5 cxd5 10. dxe5 Nxe5 11. Nxe5 Bxe5 12. f4 Bxc3 13. bxc3 a6 14. c4 dxc4 15. Bxc4 b5 16. Bb3 Re8 17. Bb2 Bb7 18. Rad1 Qe7 19. Bd4 Rac8 20. Rd2 Ne4 21. Qg4 Nf6 22. Bxf6 Qxf6 23. Rd7 Re7 24. Rxb7 1-0

[Event "Saint Affrique op 17th"]
[Site "Saint Affrique"]
[Date "2009.07.18"]
[Round "1"]
[White "Lagarde, Maxime"]
[Black "Rinie, Jean Jacques"]
[Result "1-0"]
[WhiteElo "2352"]
[BlackElo "1815"]
[PlyCount "49"]
[EventDate "2009.07.18"]
[EventType "swiss"]
[EventRounds "9"]
[EventCountry "FRA"]
[SourceTitle "EXT 2010"]
[Source "ChessBase"]
[SourceDate "2010.11.25"]
[SourceVersion "1"]
[SourceVersionDate "2010.11.25"]
[SourceQuality "1"]

1. e4 c5 2. Nf3 d6 3. d4 cxd4 4. Nxd4 Nf6 5. Nc3 a6 6. h3 e6 7. g4 h6 8. Bg2 Nc6 9. Nde2 Qc7 10. 0-0 Be7 11. Ng3 0-0 12. f4 b5 13. Be3 Bb7 14. h4 Rac8 15. g5 hxg5 16. hxg5 Nd7 17. Nf5 exf5 18. Nd5 Qd8 19. exf5 Re8 20. Qh5 Nf8 21. Rf3 g6 22. Qh6 gxf5 23. Nf6+ Bxf6 24. gxf6 Ne6 25. Rg3+ 1-0

[Event "Saint Affrique op 16th"]
[Site "Saint Affrique"]
[Date "2008.07.22"]
[Round "5"]
[White "Arcusa, Michel"]
[Black "Rinie, Jean Jacques"]
[Result "0-1"]
[WhiteElo "1899"]
[BlackElo "1700"]
[PlyCount "64"]
[EventDate "2008.07.19"]
[EventType "swiss"]
[EventRounds "9"]
[EventCountry "FRA"]
[SourceTitle "CBM 125 Extra"]
[Source "ChessBase"]
[SourceDate "2008.09.01"]
[SourceVersion "1"]
[SourceVersionDate "2008.09.01"]
[SourceQuality "1"]

1. Nf3 Nf6 2. d4 d5 3. Bf4 c6 4. h3 e6 5. e3 Bd6 6. Ne5 Qb6 7. Qc1 Qc7 8. Nd2 Nbd7 9. Ndf3 0-0 10. Bd3 b6 11. c3 Bb7 12. Qb1 Rfe8 13. g4 g6 14. h4 Bxe5 15. Nxe5 Nxe5 16. Bxe5 Qe7 17. f3 Nd7 18. Bg3 e5 19. e4 exd4 20. cxd4 dxe4 21. fxe4 Qb4+ 22. Kf1 Qxd4 23. Bf2 Qe5 24. Kg2 c5 25. Re1 Nf6 26. Bg3 Qe6 27. h5 Qxg4 28. hxg6 hxg6 29. Kh2 Nxe4 30. Bxe4 Bxe4 31. Qc1 Qh5+ 32. Kg1 Qh1+ 0-1